100 Biggest Cities in the World with Exceptions - Statistics

General Stats
  • This quiz has been taken 68,502 times
    39,754 since last reset
  • The average score is 60 of 98
Answers on the Map
Answers color-coded by a green-red scale on the quiz's map according to % correct below.
 
Answer Stats
Population Urban Area % Correct
14.9 m London
97%
11.5 m Paris
97%
19.1 m Moscow
96%
6.65 m Madrid
95%
25.1 m Mexico City
95%
3.42 m Rome
94%
4.97 m Sydney
94%
41.0 m Tokyo
94%
12.5 m Rio de Janeiro
93%
4.85 m Berlin
92%
22.5 m Cairo
92%
16.7 m Buenos Aires
90%
15.9 m Istanbul
90%
7.70 m Toronto
89%
22.1 m São Paulo
87%
29.2 m Jakarta
86%
11.8 m Lima
86%
21.2 m Bangkok
85%
6.50 m Saint Petersburg
85%
10.4 m Bogota
84%
14.6 m Johannesburg
84%
3.47 m Kyiv
84%
25.1 m Seoul
84%
4.87 m Barcelona
83%
8.25 m Santiago
83%
16.5 m Tehran
83%
20.7 m Lagos
82%
4.97 m Cape Town
81%
5.00 m Melbourne
81%
27.2 m Manila
80%
6.10 m Milan
79%
5.95 m Dubai
77%
4.25 m Algiers
76%
3.57 m Athens
76%
7.65 m Baghdad
76%
7.15 m Hanoi
76%
3.97 m Brasília
75%
17.7 m Osaka
75%
7.50 m Riyadh
75%
5.15 m Ankara
74%
3.82 m Caracas
74%
13.9 m Ho Chi Minh City
73%
15.6 m Kinshasa
73%
6.70 m Nairobi
72%
9.30 m Kuala Lumpur
71%
4.72 m Addis Ababa
70%
5.05 m Kabul
69%
4.42 m Montreal
69%
7.85 m Singapore
69%
22.5 m Dhaka
68%
4.77 m Casablanca
65%
20.9 m Karachi
65%
6.20 m Alexandria
61%
7.05 m Khartoum
61%
4.05 m Naples
61%
3.87 m Damascus
59%
3.92 m Dakar
58%
9.35 m Luanda
58%
5.85 m Guadalajara
57%
6.25 m Dar es Salaam
56%
14.5 m Lahore
53%
6.60 m Accra
52%
4.27 m Medellin
50%
9.95 m Taipei
49%
6.00 m Monterrey
48%
4.92 m Belo Horizonte
45%
6.00 m Amman
43%
3.92 m Jeddah
43%
10.5 m Nagoya
43%
4.00 m Busan
41%
6.15 m Yangon
40%
5.45 m Bamako
38%
6.80 m Abidjan
37%
3.67 m Baku
37%
3.67 m Recife
37%
4.12 m Kampala
36%
3.85 m Santo Domingo
36%
3.77 m Tashkent
36%
4.92 m Colombo
34%
3.85 m Durban
33%
3.82 m Yaounde
33%
5.20 m Kano
32%
3.62 m Port-au-Prince
32%
3.57 m Fortaleza
30%
3.92 m Porto Alegre
30%
4.77 m Kuwait City
29%
5.90 m Surabaya
29%
6.95 m Bandung
26%
5.00 m Chittagong
24%
3.37 m Isfahan
20%
4.22 m Puebla
19%
3.77 m Douala
17%
4.20 m Medan
17%
3.42 m Curitiba
16%
3.40 m Rotterdam
16%
3.42 m Mashhad
15%
4.05 m Faisalabad
13%
3.80 m Rawalpindi
11%
No matching quizzes found
Score Distribution
Percent of People with Each Score
Percentile by Number Answered
Your Score History
You have not taken this quiz since the last reset